000 00397nam a22001577a 4500
020 _a978-93-5282-853-1
082 _a920
_bJOS/A
100 _aJOSEPH, T J
245 _aATTUPOKATHA ORMAKAL
246 _aATTUPOKATHA ORMAKAL
_bATTUPOKATHA ORMAKAL
260 _aINDIA
_bD C
_c2023
300 _a431
520 _aAUTOBIOGRAPHY OF PRO.T J JOSEPH
650 _aMALAYALAM AUTOBIOGRAPHY
942 _cBK
999 _c8732
_d8732